NLSUI OPAC header image

The rule of water : (Record no. 21366)

MARC details
000 -LEADER
fixed length control field 00957cam a22002657a 4500
001 - CONTROL NUMBER
control field 13376789
003 - CONTROL NUMBER IDENTIFIER
control field OSt
005 - DATE AND TIME OF LATEST TRANSACTION
control field 20260112105042.0
008 - FIXED-LENGTH DATA ELEMENTS--GENERAL INFORMATION
fixed length control field 021010s2003 ii ab b 001 0 eng
020 ## - INTERNATIONAL STANDARD BOOK NUMBER
International Standard Book Number 0195661370
020 ## - INTERNATIONAL STANDARD BOOK NUMBER
International Standard Book Number 9780195661378
040 ## - CATALOGING SOURCE
Transcribing agency .
082 ## - DEWEY DECIMAL CLASSIFICATION NUMBER
Classification number 304.20954 MOS
100 1# - MAIN ENTRY--PERSONAL NAME
Personal name Mosse, David.
245 14 - TITLE STATEMENT
Title The rule of water :
Remainder of title statecraft, ecology and collective action in South India /
Statement of responsibility, etc. David Mosse, with assistance from M. Sivan.
260 ## - PUBLICATION, DISTRIBUTION, ETC.
Place of publication, distribution, etc. Oxford ;
-- New York :
Name of publisher, distributor, etc. Oxford University Press,
Date of publication, distribution, etc. 2003.
300 ## - PHYSICAL DESCRIPTION
Extent xii, 337 p. :
Other physical details ill., maps ;
Dimensions 22 cm.
650 #0 - SUBJECT ADDED ENTRY--TOPICAL TERM
Topical term or geographic name entry element Water-supply
General subdivision Social aspects
Geographic subdivision India, South.
650 #0 - SUBJECT ADDED ENTRY--TOPICAL TERM
Topical term or geographic name entry element Human ecology
Geographic subdivision India, South.
650 #0 - SUBJECT ADDED ENTRY--TOPICAL TERM
Topical term or geographic name entry element Water-supply
General subdivision Political aspects
Geographic subdivision India, South.
856 42 - ELECTRONIC LOCATION AND ACCESS
Uniform Resource Identifier <a href="http://www.loc.gov/catdir/enhancements/fy0616/2003536572-d.html">http://www.loc.gov/catdir/enhancements/fy0616/2003536572-d.html</a>
942 ## - ADDED ENTRY ELEMENTS (KOHA)
Source of classification or shelving scheme Dewey Decimal Classification
Koha item type BOOKs
Holdings
Withdrawn status Lost status Damaged status Not for loan Home library Current library Shelving location Date acquired Cost, normal purchase price Total Checkouts Full call number Barcode Date last seen Price effective from Koha item type
        . .   30.05.2017 675.00   304.20954 MOS 19413 30.05.2017 30.05.2017 BOOKs